Effectif Olympique de Marseille 24/25 - Statistiques

Statistiques générales
  • Ce quiz a été pris 271 fois
  • Le résultat moyen est 19 sur 27
Statistiques - réponses
Poste Nationalité Nom du joueur % Correct
GB ARG Rulli
99%
DC ARG Balerdi
97%
BU ANG Greenwood
91%
BU ALG Gouiri
87%
COACH ITA De Zerbi
85%
MC FRA Rabiot
85%
MC ALG Bennacer
84%
DC PAN Murillo
84%
MC FRA Rongier
83%
DC CAN Cornelius
82%
MC MAR Harit
82%
MC CAF Kondogbia
78%
DC FRA Merlin
77%
GB P-B De Lange
76%
BU BRE Henrique
75%
BU FRA Maupay
75%
BU ANG Rowe
75%
DC SUI Garcia
73%
DC BOS Dedic
71%
DC ESP Lirola
71%
MC DAN Hojbjerg
70%
MC MAR Nadir
69%
DC ITA Felipe
60%
BU FRA Vaz
51%
MC FRA Bakola
30%
BU FRA Abdallah
20%
DC FRA Koum Mbondo
8%
Aucun quiz correspondant
Distribution des résultats
% des personnes avec chaque résultat
Percentile par nombre de réponses
Votre historique - résultats
Vous n’avez pas pris ce quiz